Mechanical Properties of Materials

Saved in:
Bibliographic Details
Main Author: Pelleg, Joshua (Author)
Format: Book
Language:English
Published: Dordrecht : Springer, 2013
Series:Solid Mechanics and its Applications Vol.190
Subjects:
Tags: Add Tag
No Tags, Be the first to tag this record!

MARC

LEADER 00000nam a22000003a 4500
001 stu261792
005 20190206105220.8
008 130129s2013----ne------------------eng-d
020 |a 978-94-007-4341-0 
040 |a STU  |b slo 
041 0 |a eng 
044 |a ne 
100 1 |a Pelleg, Joshua  |4 aut 
245 1 |a Mechanical Properties of Materials 
260 |a Dordrecht :  |b Springer,  |c 2013 
300 |a 634 s 
650 7 |a mechanické vlastnosti materiálov  |2 stusub 
650 7 |a mechanika kontinua  |2 stusub 
650 7 |a mechanika materiálov  |2 stusub 
830 0 |a Solid Mechanics and its Applications  |v Vol.190 
996 |b 284M084708  |c M*13425-1  |l MMST  |s A  |a 24  |w stu261792_0001